[Event "BAN-chT2 Borsho 2nd"]
[Site "Bangladesh"]
[Date "2021.01.21"]
[Round "2.2"]
[White "Islam, Sheik Md Khairul"]
[Black "Babul, Mollick"]
[Result "1-0"]
[WhiteElo "1920"]
[BlackElo "1630"]
[PlyCount "127"]
[EventDate "2021.01.20"]
[EventType "team-tourn"]
[EventRounds "9"]
[EventCountry "BAN"]
[SourceTitle "CBM 200 Extra"]
[Source "ChessBase"]
[SourceDate "2021.03.31"]
[SourceVersion "1"]
[SourceVersionDate "2021.03.31"]
[SourceQuality "1"]
[WhiteTeam "BD Chess In School"]
[BlackTeam "Rangpur Players Kollan Somiti"]
[WhiteTeamCountry "BAN"]
[BlackTeamCountry "BAN"]

1. e4 g6 2. d4 Bg7 3. Bc4 e6 4. Bb3 Nc6 5. c3 d6 6. f4 Nce7 7. Nf3 c6 8. Nbd2 b6 9. 0-0 Nf6 10. e5 Nfd5 11. Ne4 dxe5 12. fxe5 0-0 13. Qe1 Bb7 14. Nd6 Rb8 15. Ng5 Nf5 16. Ngxf7 Qd7 17. Nxf5 gxf5 18. Nd6 Kh8 19. Rf3 c5 20. Rh3 Qe7 21. Nxb7 Rxb7 22. Bh6 Rg8 23. Bxd5 exd5 24. Bf4 Bf8 25. Rd1 Rg4 26. Qf2 Qe6 27. Rg3 Rbg7 28. Rxg4 Rxg4 29. g3 Kg8 30. Kg2 c4 31. Rf1 Rg7 32. Be3 Rf7 33. Qf3 Bg7 34. Qh5 h6 35. Rf4 b5 36. Rh4 Kh7 37. a3 a5 38. Rf4 Kg8 39. Bd2 Bf8 40. h3 Bg7 41. g4 fxg4 42. Qxg4 Qxg4+ 43. hxg4 Re7 44. Rf5 Re6 45. Kh3 Kh7 46. Rf7 b4 47. cxb4 axb4 48. axb4 Kg6 49. Rd7 Bf8 50. Rxd5 Rb6 51. b5 Kf7 52. Ba5 Rb7 53. b6 Ke6 54. Rd8 Be7 55. Rc8 Bg5 56. Rxc4 Be3 57. Rc6+ Kd5 58. Rd6+ Ke4 59. Bc3 Rf7 60. Kh4 Rg7 61. d5 Rb7 62. e6 Bxb6 63. Rxb6 Rxb6 64. e7 1-0

[Event "Dhaka SGS op"]
[Site "Dhaka"]
[Date "2017.06.08"]
[Round "6"]
[White "Babul, Mollick"]
[Black "Jannatul, Ferdous"]
[Result "1-0"]
[WhiteElo "1840"]
[BlackElo "1562"]
[PlyCount "95"]
[EventDate "2017.06.03"]
[EventType "swiss"]
[EventRounds "9"]
[EventCountry "BAN"]
[SourceTitle "EXT 2019"]
[Source "ChessBase"]
[SourceDate "2018.10.10"]
[SourceVersion "1"]
[SourceVersionDate "2018.10.10"]
[SourceQuality "1"]

1. e4 c5 2. Nf3 e6 3. c3 d5 4. exd5 exd5 5. Bb5+ Bd7 6. Qe2+ Be7 7. d4 c4 8. Bxd7+ Nxd7 9. 0-0 Ngf6 10. Re1 Ne4 11. Nbd2 f5 12. Nf1 0-0 13. Ne3 Nb6 14. Qc2 Nc8 15. b3 b5 16. a4 f4 17. Nxd5 Qxd5 18. Qxe4 Qxe4 19. Rxe4 cxb3 20. axb5 Rb8 21. c4 g5 22. Rb1 Bf6 23. Ba3 Rd8 24. h3 a6 25. Rxb3 axb5 26. cxb5 Nb6 27. Bc5 Rd5 28. Re6 Nd7 29. Rd6 Nxc5 30. dxc5 Rf5 31. c6 Bd8 32. Rd7 Bb6 33. Nd4 Rf7 34. Ne6 Rc8 35. Rxf7 Kxf7 36. Nxg5+ Kg6 37. Nf3 Kf5 38. Rd3 Rc7 39. Rd1 Ke6 40. Kf1 h6 41. Nd4+ Kf6 42. Nc2 Ke6 43. Nb4 Rf7 44. Nd5 Ba5 45. b6 Kd6 46. c7 Rf8 47. Rc1 Kd7 48. b7 1-0